Nové Zámky

Zobrazenie: pohľad na námestie s parkom a sochou A. Bernoláka vľavo, v úzadí zaparkované rôzne dopravné prostriedky, vľavo Františkánksy kostol, vpravo pohľad cez konáre stromu na obytné domy

Bibliographic Details
Other Authors: Kanka, Ján (Photographer)
Format: Postcard
Language:Slovak
PhysicalDescription:1 pohľadnica čiernobiela 11 x 15 cm
Published: [Bratislava] VPL 1964
Subjects:

MARC

LEADER 00000nkm a2200000 a 4500
001 vtls011611699
003 SK-MaSNL
005 20260512130355.0
007 kp bo
008 231206s1964 xo g kuslo
015 |a SNBG 
040 |a SNK  |b slo  |c SNK  |e AACR2 
041 0 |a slo 
043 |a e-xo--- 
044 |a xo  |c SK 
080 |a 711.435  |2 2011 
080 |a (084.121)  |2 2011 
080 |a 913(437.6)  |2 2011 
100 1 |a Kanka, Ján  |4 pht  |9 181462 
245 1 0 |a Nové Zámky  |h grafika  |c Foto Ján Kanka 
260 |a [Bratislava]  |b VPL  |c 1964 
300 |a 1 pohľadnica  |b čiernobiela  |c 11 x 15 cm 
520 8 |a Zobrazenie: pohľad na námestie s parkom a sochou A. Bernoláka vľavo, v úzadí zaparkované rôzne dopravné prostriedky, vľavo Františkánksy kostol, vpravo pohľad cez konáre stromu na obytné domy 
651 7 |a Nové Zámky (Slovensko)  |2 SNKPH  |9 15884 
655 7 |a miestne pohľadnice  |2 SNKPH  |9 70510 
958 |a GC 
958 |a GBN 
958 |a OND 
999 |c 1193613  |d 1195543 
952 |a SNK  |b SNK  |y PREZ  |7 0  |p 17A1222199  |o snkSP 18732  |0 0  |1 0  |4 0  |d 2017-02-16  |f 1  |l 0  |r 2026-02-24 22:18:54  |w 2026-02-24